000 00886nam a2200253 i 4500
001 51573
003 ES-MaACL
005 20250812225237.0
007 t|
008 030813s1979 sp ||||1| spa d
020 _a84-206-2097-1
100 1 _aDalton, George.
_942538
245 1 0 _aSistemas económicos y sociedad
_b: capitalismo, comunismo y el Tercer Mundo /
_cGeorge Dalton ; versión de Enrique Paredes.
250 _a2ª ed.
260 _aMadrid :
_bAlianza,
_c1979.
300 _a263 p. ;
_c20 cm.
490 1 _aAlianza universidad. Curso de economía moderna. Economía política ;
_v97
504 _aBibliografía: p. 241-248.
650 4 _aEconomía comparada.
_9145847
700 1 _aParedes Larrucea, Enrique.
_989048
830 1 0 _aAlianza universidad.
_pCurso de economía moderna
_v97
_9182907
852 _aES-MaACL
_jA-10211
999 _c51573
_d51573